000 00501nam a22001457a 4500
020 _a978-974-660-998-2
082 _a200
_bANA/S
100 _aANAN, AJAHN
245 _aSIMPLE TEACHINGS ON HIGHER TRUTHS
260 _aTHAILAND
_bWAT MARP JAN
_c2009
300 _a166
520 _aTHE THING THAT CAN MAKE THE WORLD PERFECT IS THIS PATH OF PRACTICE. WHEN WE APPLY MINDFULNESS AND WISDOM TO OUR PROBLEMS, THIS IS THE WAY TO PEACE AND THE END OF SUFFERING.
650 _aRELIGIOUS
_zTHAILAND
942 _cBK
999 _c5167
_d5167